000 00443nmm a2200145Ia 4500
008 251105s9999||||xx |||||||||||||||||und||
041 _aspa
100 _aGasalla Dapena, José María
245 0 _aLa dirección de personas
264 _a[Madrid, España] :
_bUniversitat Oberta de Catalunya,
_c2015
300 _a64 páginas
650 _aEconomics and Business
856 _uhttps://public.digitaliapublishing.com/a/43975
942 _cCF
999 _c105753
_d105753